书目信息 |
| 题名: |
人本游戏
|
|
| 作者: | 王世颖 著 | |
| 分册: | ||
| 出版信息: | 北京 电子工业出版社 2014 |
|
| 页数: | 12,272页 | |
| 开本: | 24cm | |
| 丛书名: | ||
| 单 册: | ||
| 中图分类: | G898.3 | |
| 科图分类: | ||
| 主题词: | 电子游戏--研究 , 电子游戏 | |
| 电子资源: | ||
| ISBN: | 978-7-121-22446-1 | |
| 000 | 01128nam0 2200277 450 | |
| 001 | 523 | |
| 005 | 20140910083121.12 | |
| 010 | @a978-7-121-22446-1@dCNY49.00 | |
| 100 | @a20140430d2014 em y0chiy50 ea | |
| 101 | 0 | @achi |
| 102 | @aCN@b110000 | |
| 105 | @aa z 000yy | |
| 106 | @ar | |
| 200 | 1 | @a人本游戏@ARen Ben You Xi@e游戏让世界更美好@EYou Xi Rang Shi Jie Geng Mei Hao@f王世颖著@FWang Shi Ying Zhu |
| 210 | @a北京@c电子工业出版社@d2014 | |
| 215 | @a12,272页@c图@d24cm | |
| 312 | @a封面英文副题名:Games make the world better | |
| 330 | @a本书从人类起源、心理学、社会学、经济学、传播学、美学等角度剖析了游戏和游戏产业,揭示了游戏为什么会有如此大的吸引力,游戏产业为什么会发展得这么快,既批判了游戏行业存在的一些问题,也弘扬了游戏的正能量:游戏对社会安定的正向作用、游戏对玩家心理发育的强化等。 | |
| 510 | 1 | @aGames make the world better@zeng |
| 517 | 1 | @a游戏让世界更美好@AYou Xi Rang Shi Jie Geng Mei Hao |
| 606 | 0 | @a电子游戏@x研究 |
| 606 | 0 | @a电子游戏 |
| 690 | @aG898.3@v5 | |
| 701 | 0 | @a王世颖@AWang Shi Ying@c(游戏制作)@4著 |
| 801 | 0 | @aCN@bTANGWEI@c20140603 |
| 905 | @b0842024-26@dG898.3@e296@f3 | |
| 人本游戏:游戏让世界更美好/王世颖著.-北京:电子工业出版社,2014 |
| 12,272页:图;24cm |
| ISBN 978-7-121-22446-1:CNY49.00 |
| 本书从人类起源、心理学、社会学、经济学、传播学、美学等角度剖析了游戏和游戏产业,揭示了游戏为什么会有如此大的吸引力,游戏产业为什么会发展得这么快,既批判了游戏行业存在的一些问题,也弘扬了游戏的正能量:游戏对社会安定的正向作用、游戏对玩家心理发育的强化等。 |
| ● |
| 相关链接 |
|
|
|
|
正题名:人本游戏
索取号:G898.3/296
 
预约/预借
| 序号 | 登录号 | 条形码 | 馆藏地/架位号 | 状态 | 备注 |
| 1 | 0842024 | 208420243 | 第一样本阅览室/ [索取号:G898.3/296] | 在馆 | |
| 2 | 0842025 | 208420252 | 第四借阅区/ [索取号:G898.3/296] | 在馆 | |
| 3 | 0842026 | 208420261 | 第四借阅区/ [索取号:G898.3/296] | 在馆 |